Nitric oxide signaling pathways /

Uloženo v:
Podrobná bibliografie
Hlavní autor: Pecháňová, Oľga (Autor)
Médium: Kniha
Jazyk:angličtina
Vydáno: [Vrútky] : Advent-Orion, 2007
Vydání:[1st ed.]
Témata:
ISBN:9788080710941
On-line přístup: Získat plný text
Tagy: Přidat tag
Žádné tagy, Buďte první, kdo vytvoří štítek k tomuto záznamu!

MARC

LEADER 00000nam a2200000 4500
003 SK-BrCVT
005 20220621162658.0
008 100324s2007 xo e ||||||eng d
020 |a 9788080710941 
035 |a CVTIDW1523529 
040 |b slo  |a CVTI SR  |e AACR2 
041 0 |a eng 
044 |a xo 
080 |a 546.172.6  |2 UDC-MRF 
080 |a 612.13  |2 UDC-MRF 
080 |a 616-07  |2 UDC-MRF 
080 |a 612.8  |2 UDC-MRF 
080 |a 616.1/.9  |2 UDC-MRF 
100 1 |a Pecháňová, Oľga  |4 aut 
245 1 0 |a Nitric oxide signaling pathways /  |c authors: Oľga Pecháňová ... [et al.] 
250 |a [1st ed.] 
260 |a [Vrútky] :  |b Advent-Orion,  |c 2007 
300 |a 256 s. :  |b fotogr., grafy, lit., tab. ; 
653 1 |a oxid dusnatý  |a signálna dráha  |a nervový systém  |a cievny systém  |a antioxidant  |a krvný obeh 
655 4 |a zborníky 
910 |b A610342 
919 |a 978-80-8071-094-1 
974 |f Knihy 
992 |a AZN 
999 |c 151834  |d 151834